[Event "CYCC U10 w"]
[Site "Vancouver CAN"]
[Date "2012.07.03"]
[Round "2"]
[White "Botez, Andrea"]
[Black "Kaneshalingam, Mathanhe"]
[Result "1-0"]
[WhiteElo "1034"]
[BlackElo "1157"]
[PlyCount "101"]
[GameId "2160767909508607"]
[EventDate "2012.07.03"]
[EventType "swiss"]
[EventRounds "7"]
[EventCountry "CAN"]
[SourceTitle "hb 2012"]

1. Nf3 d5 2. d4 Nf6 3. e3 Nc6 4. c4 e6 5. Nc3 Be7 6. Be2 O-O 7. O-O b6 8. a3 a5 9. Ne5 Bb7 10. f4 h6 11. cxd5 Nxd5 12. Nxd5 Qxd5 13. Bf3 Qd6 14. Bd2 Rab8 15. Rc1 Nxe5 16. fxe5 Qd7 17. Qc2 Rfc8 18. Bxb7 Rxb7 19. Qc6 Qxc6 20. Rxc6 Kf8 21. Kf2 Ke8 22. Ke2 Rd8 23. Rfc1 Rd7 24. a4 Bd8 25. b3 Ke7 26. Bc3 Kf8 27. Bb2 Ke8 28. Ba3 Ra7 29. Kd3 Be7 30. Bxe7 Kxe7 31. Kc4 Rb7 32. e4 Ra7 33. d5 exd5+ 34. exd5 Rb7 35. Rd1 Rd8 36. Kb5 Rd7 37. d6+ cxd6 38. exd6+ Ke6 39. Rxb6 Rxb6+ 40. Kxb6 Rxd6+ 41. Rxd6+ Kxd6 42. Kxa5 Kc6 43. Ka6 Kc7 44. Ka7 g5 45. a5 f5 46. b4 g4 47. b5 f4 48. b6+ Kc6 49. b7 f3 50. gxf3 gxf3 51. b8=Q 1-0

[Event "CYCC U10 w"]
[Site "Vancouver CAN"]
[Date "2012.07.03"]
[Round "2"]
[White "Millar, Sophia"]
[Black "Seyfi, Agata"]
[Result "0-1"]
[WhiteElo "636"]
[BlackElo "636"]
[PlyCount "58"]
[GameId "2160767909508609"]
[EventDate "2012.07.03"]
[EventType "swiss"]
[EventRounds "7"]
[EventCountry "CAN"]
[SourceTitle "hb 2012"]

1. e4 c5 2. Nc3 Nc6 3. Bc4 Nf6 4. Nf3 h6 5. d3 e5 6. O-O d6 7. Be3 Bg4 8. d4 cxd4 9. Nb5 dxe3 10. fxe3 Nxe4 11. h3 Bxf3 12. gxf3 Ng3 13. Rf2 Nf5 14. e4 Ne3 15. Qd2 Nxc4 16. Nxd6+ Bxd6 17. Qc1 Bc5 18. f4 Bxf2+ 19. Kxf2 Qd2+ 20. Kg3 O-O 21. Qg1 Nd4 22. Kh4 Ne2 23. Qg3 Qd8+ 24. Kg4 Nxf4 25. Kf3 Qf6 26. Rg1 Nh5+ 27. Kg4 Nxg3 28. Rxg3 Nd2 29. c3 Qg5# 0-1

[Event "CYCC U10 w"]
[Site "Vancouver CAN"]
[Date "2012.07.03"]
[Round "2"]
[White "Nguyen, An"]
[Black "Pulfer, Rachel"]
[Result "1-0"]
[WhiteElo "1235"]
[BlackElo "791"]
[PlyCount "95"]
[GameId "2160767909508610"]
[EventDate "2012.07.03"]
[EventType "swiss"]
[EventRounds "7"]
[EventCountry "CAN"]
[SourceTitle "hb 2012"]

1. e4 e5 2. Nf3 Nc6 3. Bb5 Nf6 4. O-O Nxe4 5. Re1 d5 6. Nxe5 Bd7 7. Nxd7 Qxd7 8. d3 O-O-O 9. dxe4 dxe4 10. Qxd7+ Rxd7 11. Nc3 h5 12. Nxe4 Re7 13. Bf4 f5 14. Bxc6 bxc6 15. Nc3 Rd7 16. Rad1 Rxd1 17. Rxd1 Be7 18. g3 g5 19. Be3 h4 20. Bxa7 hxg3 21. hxg3 f4 22. Bd4 Rd8 23. gxf4 gxf4 24. Kf1 c5 25. Be5 Rxd1+ 26. Nxd1 f3 27. a4 Kb7 28. Ne3 c6 29. b3 Kb6 30. Nf5 Bg5 31. Kg1 Ka5 32. Kh2 Kb4 33. Kg3 Bd2 34. Kxf3 c4 35. bxc4 Kxa4 36. Nd4 c5 37. Nb3 Kb4 38. Nxd2 Ka4 39. Ke4 Kb4 40. f4 Ka4 41. f5 Kb4 42. f6 Ka4 43. f7 Kb4 44. f8=Q Ka4 45. Qa8+ Kb4 46. Qb7+ Ka4 47. Qb5+ Ka3 48. Qb3# 1-0

[Event "CYCC U10 w"]
[Site "Vancouver CAN"]
[Date "2012.07.03"]
[Round "2"]
[White "Yu, Rinna"]
[Black "Birarov, Nicole"]
[Result "1-0"]
[WhiteElo "805"]
[BlackElo "1382"]
[PlyCount "107"]
[GameId "2160767909508612"]
[EventDate "2012.07.03"]
[EventType "swiss"]
[EventRounds "7"]
[EventCountry "CAN"]
[SourceTitle "EXT 2022"]
[Source "ChessBase"]
[SourceDate "2021.10.06"]
[SourceVersion "1"]
[SourceVersionDate "2021.10.06"]
[SourceQuality "1"]

1. e4 d5 2. exd5 Nf6 3. c4 c6 4. Nc3 cxd5 5. cxd5 Nxd5 6. d4 Nc6 7. Be3 e6 8. Bc4 Nxe3 9. fxe3 Bd6 10. Nf3 O-O 11. O-O a6 12. a3 Bc7 13. Bb3 b5 14. Qd3 Ne7 15. Rad1 Bb7 16. Bc2 Ng6 17. d5 e5 18. g3 Bc8 19. Nh4 Bg4 20. Rd2 Re8 21. Qe4 Qd7 22. Rdf2 Rf8 23. Bb3 Nxh4 24. gxh4 Bh3 25. Rd1 Qd6 26. Bc2 Qg6+ 27. Qxg6 hxg6 28. e4 Bd8 29. Rd3 Bd7 30. d6 Bb6 31. Bb3 Bxf2+ 32. Kxf2 a5 33. Nd5 Rab8 34. Nc7 Kh7 35. Na6 Rb6 36. Nc5 Bc6 37. Bd5 Rd8 38. Bxf7 Rf8 39. d7 Rbb8 40. Ke3 Ra8 41. Ne6 Rfd8 42. Nxd8 Rxd8 43. Be6 Kh6 44. Kf3 g5 45. Rd6 Ba8 46. Bd5+ g6 47. Bxa8 Rxa8 48. d8=Q Rxd8 49. Rxd8 gxh4 50. Kg4 g5 51. Kf5 b4 52. axb4 axb4 53. Kxe5 g4 54. Kf4 1-0

[Event "CYCC U10 w"]
[Site "Vancouver CAN"]
[Date "2012.07.03"]
[Round "2"]
[White "Zhang, Jeannie"]
[Black "Tao, Ellen"]
[Result "1-0"]
[WhiteElo "1027"]
[BlackElo "748"]
[PlyCount "100"]
[GameId "2160767909508613"]
[EventDate "2012.07.03"]
[EventType "swiss"]
[EventRounds "7"]
[EventCountry "CAN"]
[SourceTitle "hb 2012"]

1. e4 e5 2. Nf3 Nc6 3. Bc4 Bc5 4. c3 Nf6 5. d4 exd4 6. cxd4 Bb4+ 7. Bd2 Nxe4 8. Bxb4 Nxb4 9. Bxf7+ Kxf7 10. Qb3+ Ke8 11. Qxb4 Qe7 12. Qxe7+ Kxe7 13. O-O Nf6 14. Re1+ Kf7 15. Ne5+ Kf8 16. Nc3 d6 17. Nf3 Bg4 18. h3 Bxf3 19. gxf3 Kf7 20. Nb5 Nd5 21. Rac1 Rhc8 22. Re2 a6 23. Nc3 Nxc3 24. Rxc3 c6 25. Kf1 Kg8 26. b4 Rf8 27. Re7 Rab8 28. Rce3 h6 29. Ke2 Kh8 30. R3e6 d5 31. Rg6 Rg8 32. f4 Rbe8 33. Rge6 Rxe7 34. Rxe7 Rb8 35. Kf3 Kg8 36. Rd7 b5 37. Rc7 Rb6 38. Kg4 Kf8 39. f5 Kg8 40. Kh5 Kh7 41. f6 Rb8 42. Rxg7+ Kh8 43. Kxh6 Rf8 44. Kg6 Rd8 45. f4 Re8 46. Rh7+ Kg8 47. f7+ Kf8 48. fxe8=Q+ Kxe8 49. f5 Kf8 50. f6 Kg8 1-0

[Event "CYCC U10 w"]
[Site "Vancouver CAN"]
[Date "2012.07.03"]
[Round "2"]
[White "Zhou, Lily"]
[Black "Zhou, Annika"]
[Result "1-0"]
[WhiteElo "1076"]
[BlackElo "1001"]
[PlyCount "103"]
[GameId "2160767909508614"]
[EventDate "2012.07.03"]
[EventType "swiss"]
[EventRounds "7"]
[EventCountry "CAN"]
[SourceTitle "EXT 2022"]
[Source "ChessBase"]
[SourceDate "2021.10.06"]
[SourceVersion "1"]
[SourceVersionDate "2021.10.06"]
[SourceQuality "1"]

1. d4 Nf6 2. c4 g6 3. Nf3 Bg7 4. Nc3 d5 5. cxd5 Nxd5 6. e4 Nxc3 7. bxc3 c5 8. Ba3 b6 9. Bc4 Nc6 10. Bb5 Bd7 11. Qa4 Qc7 12. Bb2 a6 13. d5 Ne5 14. Bxd7+ Qxd7 15. Qxd7+ Nxd7 16. O-O O-O 17. Rab1 Rfd8 18. c4 Bxb2 19. Rxb2 Rdb8 20. a4 Ra7 21. Rfb1 Rab7 22. e5 f6 23. e6 Ne5 24. Nxe5 fxe5 25. Kf1 Kg7 26. Ke2 Kf6 27. Ke3 Kf5 28. f3 h5 29. g3 g5 30. h3 Kf6 31. Ke4 a5 32. g4 h4 33. Rb5 Rc8 34. Rxb6 Ra7 35. Rb8 Rxb8 36. Rxb8 Rc7 37. Rb5 Rc8 38. Rxa5 Rc7 39. Rb5 Rc8 40. a5 Rc7 41. a6 Rc8 42. Rb7 Rd8 43. a7 Rc8 44. Rb8 Rxb8 45. axb8=Q Kg6 46. Kxe5 Kh6 47. Kf5 Kh7 48. Kxg5 Kg7 49. Qe5+ Kh7 50. Kh5 Kg8 51. Kg6 Kf8 52. Qh8# 1-0

[Event "CYCC U10 w"]
[Site "Vancouver CAN"]
[Date "2012.07.04"]
[Round "3"]
[White "Armstrong, Riley"]
[Black "Millar, Sophia"]
[Result "1/2-1/2"]
[WhiteElo "450"]
[BlackElo "636"]
[PlyCount "184"]
[GameId "2160767909508615"]
[EventDate "2012.07.03"]
[EventType "swiss"]
[EventRounds "7"]
[EventCountry "CAN"]
[SourceTitle "EXT 2022"]
[Source "ChessBase"]
[SourceDate "2021.10.06"]
[SourceVersion "1"]
[SourceVersionDate "2021.10.06"]
[SourceQuality "1"]

1. e4 e5 2. Bb5 Bc5 3. Bc4 Qf6 4. Ke2 Nc6 5. Nf3 d6 6. c3 Nge7 7. d3 Ng6 8. Bg5 Nf4+ 9. Kd2 Qg6 10. Nh4 Qxg5 11. Nf3 Qxg2 12. Rg1 Qxf2+ 13. Kc1 Be6 14. Bb5 O-O 15. a3 Be3+ 16. Nbd2 Nh3 17. Rf1 Qg2 18. Kc2 a6 19. c4 axb5 20. cxb5 Nd4+ 21. Kc3 c6 22. b6 d5 23. exd5 cxd5 24. Nxe5 Rac8+ 25. Kb4 Ra8 26. Nd7 Bxd7 27. Rc1 Rfc8 28. Nc4 dxc4 29. dxc4 Be6 30. Re1 Rxc4+ 31. Rxc4 Bxc4 32. Rxe3 Qxb2+ 33. Kc5 Ra4 34. Re2 Qb5+ 35. Kd6 Ra8 36. a4 Qd5+ 37. Ke7 Qc6 38. Re6 Qc5+ 39. Rd6 Nf5+ 40. Kd7 Nxd6 41. Qxd6 Ra5 42. Qxc5 Rxc5 43. a5 f5 44. a6 bxa6 45. b7 Rb5 46. Kc7 f4 47. b8=Q+ Kf7 48. Qa8 f3 49. Qxf3+ Kg6 50. Qxh3 a5 51. Qg3+ Kf5 52. h3 a4 53. h4 Ra5 54. Qc3 Ra6 55. Qxc4 a3 56. Qxa6 g5 57. hxg5 Kxg5 58. Qxa3 h5 59. Qg3+ Kh6 60. Qe3+ Kg6 61. Kd6 h4 62. Ke6 Kh5 63. Qf3+ Kg5 64. Qe3+ Kg4 65. Ke5 h3 66. Qe2+ Kg3 67. Ke4 h2 68. Qe1+ Kg2 69. Qe2+ Kg1 70. Qe3+ Kg2 71. Qg5+ Kf2 72. Qh5 Kg1 73. Kf3 h1=Q+ 74. Kg4 Qg2+ 75. Kf5 Qg3 76. Qh6 Qf3+ 77. Kg6 Qg4+ 78. Kf6 Qe4 79. Qg7+ Kf1 80. Qg3 Qc6+ 81. Kg5 Qe8 82. Qf4+ Ke2 83. Qh2+ Kd3 84. Kf4 Qe7 85. Qg3+ Kd4 86. Qf2+ Kd3 87. Kf3 Qe4+ 88. Kg3 Kc4 89. Qa2+ Kc5 90. Kf2 Kd4 91. Qa4+ Ke5 92. Qxe4+ Kxe4 1/2-1/2

[Event "CYCC U10 w"]
[Site "Vancouver CAN"]
[Date "2012.07.04"]
[Round "3"]
[White "Birarov, Nicole"]
[Black "Seyfi, Agata"]
[Result "1-0"]
[WhiteElo "1382"]
[BlackElo "636"]
[PlyCount "71"]
[GameId "2160767909508616"]
[EventDate "2012.07.03"]
[EventType "swiss"]
[EventRounds "7"]
[EventCountry "CAN"]
[SourceTitle "EXT 2022"]
[Source "ChessBase"]
[SourceDate "2021.10.06"]
[SourceVersion "1"]
[SourceVersionDate "2021.10.06"]
[SourceQuality "1"]

1. d4 d5 2. Nf3 Nf6 3. e3 Nc6 4. c4 Bg4 5. h3 Bh5 6. g4 Bg6 7. Nc3 Nb4 8. Qa4+ Nc6 9. cxd5 Nxd5 10. Bd2 Qd6 11. a3 O-O-O 12. Bb5 Nxc3 13. Bxc3 Qf6 14. Bxc6 bxc6 15. Qa6+ Kb8 16. Qe2 Be4 17. g5 Qxf3 18. Qxf3 Bxf3 19. Rg1 Bd5 20. b4 Be6 21. h4 h5 22. Rb1 Rd5 23. e4 Rd6 24. b5 g6 25. bxc6+ Ka8 26. d5 Bc8 27. Bxh8 f6 28. gxf6 Bh3 29. fxe7 Bxe7 30. Be5 Rd8 31. Bxc7 Rc8 32. d6 Bxh4 33. Rh1 Re8 34. Rxh3 Rxe4+ 35. Re3 Rf4 36. Rb8# 1-0

[Event "CYCC U10 w"]
[Site "Vancouver CAN"]
[Date "2012.07.04"]
[Round "3"]
[White "Kaneshalingam, Mathanhe"]
[Black "Nguyen, An"]
[Result "1/2-1/2"]
[WhiteElo "1157"]
[BlackElo "1235"]
[PlyCount "121"]
[GameId "2160767909508617"]
[EventDate "2012.07.03"]
[EventType "swiss"]
[EventRounds "7"]
[EventCountry "CAN"]

1. d4 d5 2. c4 e6 3. Nc3 Nf6 4. e3 Be7 5. Nf3 Nbd7 6. Be2 b6 7. O-O O-O 8. b3 Bb7 9. Bb2 Rc8 10. Rc1 c5 11. Bd3 h6 12. h3 a6 13. a4 Bd6 14. Qe2 Nb8 15. Rfd1 Qe7 16. Qc2 Nc6 17. Qe2 Nb4 18. Bb1 Rfd8 19. Ba3 dxc4 20. bxc4 Bxf3 21. gxf3 Bb8 22. f4 cxd4 23. Rxd4 Rxd4 24. exd4 Bxf4 25. Rd1 Bd6 26. Bxb4 Bxb4 27. Ne4 Nxe4 28. Qxe4 g6 29. Qe3 Qg5+ 30. Qxg5 hxg5 31. d5 Bc5 32. Bc2 e5 33. Kg2 f5 34. f3 Kf7 35. Re1 Bd6 36. Bb3 Re8 37. Bc2 Rc8 38. Bb3 Rc5 39. Rb1 b5 40. axb5 axb5 41. cxb5 Rxb5 42. Ba2 Rxb1 43. Bxb1 Ke7 44. Ba2 e4 45. fxe4 fxe4 46. Kf2 Bc5+ 47. Kg3 e3 48. Bc4 Bd6+ 49. Kf3 Bf4 50. Kg4 Kd6 51. Kf3 Kc5 52. Bd3 Kxd5 53. Bxg6 Kd4 54. Ke2 Ke5 55. Bh5 Ke4 56. Bg4 Bg3 57. Bd7 Bf2 58. Bg4 Kf4 59. Bd7 Kg3 60. Bg4 Kh4 61. Bc8 1/2-1/2

[Event "CYCC U10 w"]
[Site "Vancouver CAN"]
[Date "2012.07.04"]
[Round "3"]
[White "Tao, Ellen"]
[Black "Pulfer, Rachel"]
[Result "1-0"]
[WhiteElo "748"]
[BlackElo "791"]
[PlyCount "75"]
[GameId "2160767909508619"]
[EventDate "2012.07.03"]
[EventType "swiss"]
[EventRounds "7"]
[EventCountry "CAN"]
[SourceTitle "EXT 2022"]
[Source "ChessBase"]
[SourceDate "2021.10.06"]
[SourceVersion "1"]
[SourceVersionDate "2021.10.06"]
[SourceQuality "1"]

1. e4 e5 2. Nf3 Nc6 3. Bc4 Nf6 4. Nc3 Nxe4 5. Nxe4 d5 6. Bd3 dxe4 7. Bxe4 Bc5 8. O-O O-O 9. Bxc6 bxc6 10. Nxe5 Qd6 11. Re1 f6 12. Nf3 Bf5 13. d3 Bb6 14. Be3 Rfe8 15. Bxb6 Rxe1+ 16. Qxe1 cxb6 17. Qd2 Re8 18. Re1 Rxe1+ 19. Qxe1 a5 20. Qe8+ Qf8 21. Qxc6 Qc5 22. Qxc5 bxc5 23. Nd2 Be6 24. c4 Kf7 25. Nb3 a4 26. Nxc5 Bf5 27. Kf1 g5 28. Ke2 g4 29. Nxa4 h5 30. c5 Bd7 31. Nb6 Bc6 32. a4 Bxg2 33. a5 f5 34. a6 Ke6 35. a7 Ke5 36. a8=Q Bxa8 37. Nxa8 Kd5 38. b4 1-0

[Event "CYCC U10 w"]
[Site "Vancouver CAN"]
[Date "2012.07.04"]
[Round "3"]
[White "Zhang, Jeannie"]
[Black "Yu, Rinna"]
[Result "0-1"]
[WhiteElo "1027"]
[BlackElo "809"]
[PlyCount "80"]
[GameId "2160767909508620"]
[EventDate "2012.07.03"]
[EventType "swiss"]
[EventRounds "7"]
[EventCountry "CAN"]
[SourceTitle "EXT 2022"]
[Source "ChessBase"]
[SourceDate "2021.10.06"]
[SourceVersion "1"]
[SourceVersionDate "2021.10.06"]
[SourceQuality "1"]

1. e4 e5 2. Nf3 d6 3. Bc4 h6 4. c3 f5 5. exf5 Bxf5 6. d4 Nd7 7. dxe5 Nxe5 8. Nxe5 dxe5 9. Qxd8+ Rxd8 10. O-O Be7 11. Re1 Bf6 12. Nd2 Ne7 13. Nf3 Ng6 14. Nd4 Bc8 15. h3 c6 16. Nf3 Kd7 17. Bd2 Kc7 18. Rad1 Rd7 19. Bc1 Re7 20. Bb3 Nf4 21. Bxf4 exf4 22. Rxe7+ Bxe7 23. Ne5 Bf5 24. g4 fxg3 25. fxg3 Re8 26. g4 Bc5+ 27. Kg2 Rxe5 28. gxf5 Rxf5 29. Bc2 Rf2+ 30. Kg3 Rxc2 31. Rb1 h5 32. Kh4 g6 33. Kg5 Rg2+ 34. Kh6 Be3+ 35. Kg7 g5 36. Re1 Bd2 37. Re5 g4 38. hxg4 hxg4 39. b4 Bxc3 40. Kg6 Bxe5 0-1

[Event "CYCC U10 w"]
[Site "Vancouver CAN"]
[Date "2012.07.04"]
[Round "3"]
[White "Zhou, Annika"]
[Black "Lemieux, Gabrielle"]
[Result "1-0"]
[WhiteElo "1003"]
[BlackElo "579"]
[PlyCount "45"]
[GameId "2160767909508621"]
[EventDate "2012.07.03"]
[EventType "swiss"]
[EventRounds "7"]
[EventCountry "CAN"]
[SourceTitle "EXT 2022"]
[Source "ChessBase"]
[SourceDate "2021.10.06"]
[SourceVersion "1"]
[SourceVersionDate "2021.10.06"]
[SourceQuality "1"]

1. e4 e5 2. Nf3 Nc6 3. Bb5 a6 4. Ba4 b5 5. Bb3 Nf6 6. O-O a5 7. c3 a4 8. Bc2 Ba6 9. d4 Nxe4 10. Bxe4 Qe7 11. Re1 O-O-O 12. Bxc6 dxc6 13. Nxe5 Rd6 14. Bf4 f6 15. Nd3 Re6 16. Qg4 f5 17. Qxf5 Qd7 18. Qxe6 Bd6 19. Qxd7+ Kxd7 20. Bxd6 Kxd6 21. Nc5 Bc8 22. Nd2 Bd7 23. Nce4+ 1-0

[Event "CYCC U10 w"]
[Site "Vancouver CAN"]
[Date "2012.07.04"]
[Round "3"]
[White "Zhou, Lily"]
[Black "Botez, Andrea"]
[Result "1-0"]
[WhiteElo "1076"]
[BlackElo "1034"]
[PlyCount "63"]
[GameId "2160767909508622"]
[EventDate "2012.07.03"]
[EventType "swiss"]
[EventRounds "7"]
[EventCountry "CAN"]
[SourceTitle "EXT 2022"]
[Source "ChessBase"]
[SourceDate "2021.10.06"]
[SourceVersion "1"]
[SourceVersionDate "2021.10.06"]
[SourceQuality "1"]

1. d4 d6 2. c4 Nf6 3. Nc3 g6 4. Nf3 Bg7 5. Bf4 O-O 6. h3 Nbd7 7. e3 c5 8. d5 Qb6 9. Qc2 Nh5 10. Bh2 f5 11. Ng5 Ne5 12. Be2 Nf6 13. O-O h6 14. Ne6 Bxe6 15. dxe6 Qc7 16. Nd5 Qd8 17. Bxe5 dxe5 18. Rfd1 Nxd5 19. Rxd5 Qb6 20. Rad1 Rf6 21. Rxe5 Rxe6 22. Rxe6 Qxe6 23. Bf3 Rb8 24. Bd5 Qxd5 25. Rxd5 b6 26. Rd7 Kf8 27. b3 a5 28. Qd3 Ke8 29. Qd5 Kf8 30. Rd8+ Rxd8 31. Qxd8+ Kf7 32. Qxb6 1-0

[Event "CYCC U10 w"]
[Site "Vancouver CAN"]
[Date "2012.07.04"]
[Round "4"]
[White "Birarov, Nicole"]
[Black "Zhou, Annika"]
[Result "0-1"]
[WhiteElo "1382"]
[BlackElo "1003"]
[PlyCount "122"]
[GameId "2160767909508623"]
[EventDate "2012.07.03"]
[EventType "swiss"]
[EventRounds "7"]
[EventCountry "CAN"]
[SourceTitle "EXT 2022"]
[Source "ChessBase"]
[SourceDate "2021.10.06"]
[SourceVersion "1"]
[SourceVersionDate "2021.10.06"]
[SourceQuality "1"]

1. d4 Nf6 2. Nf3 d5 3. e3 Bg4 4. h3 Bxf3 5. Qxf3 e6 6. Bd3 Nc6 7. Nd2 Bd6 8. c3 O-O 9. e4 dxe4 10. Nxe4 Be7 11. O-O e5 12. Qf5 g6 13. Qf3 exd4 14. cxd4 Nxd4 15. Qe3 Re8 16. b3 Bc5 17. Qf4 Nxe4 18. Re1 Nd6 19. Bb2 Rxe1+ 20. Rxe1 N6f5 21. Qe5 Bd6 22. Qe4 Bc5 23. Kf1 c6 24. Qf4 Qd6 25. Qg4 Qh2 26. Bxd4 Nxd4 27. f3 Qh1+ 28. Kf2 Nc2+ 29. Kg3 Qxe1+ 30. Kf4 Bd6+ 31. Kg5 Qe5+ 32. Kh4 Qf6+ 33. Qg5 Bg3+ 34. Kg4 Qxg5+ 35. Kxg5 Rd8 36. Bxc2 Rd5+ 37. Kg4 Rd2 38. Be4 f5+ 39. Kxg3 fxe4 40. fxe4 Rxa2 41. e5 Kf7 42. Kf4 Ke6 43. g4 Re2 44. h4 Rxe5 45. g5 b5 46. b4 c5 47. bxc5 Rxc5 48. Kg4 Rf5 49. h5 gxh5+ 50. Kxh5 Rxg5+ 51. Kxg5 b4 52. Kf4 b3 53. Ke3 b2 54. Kd2 b1=Q 55. Kc3 Qd1 56. Kb2 Qd3 57. Kc1 Qe2 58. Kb1 Kd5 59. Kc1 Kc4 60. Kb1 Kb3 61. Ka1 Qa2# 0-1

[Event "CYCC U10 w"]
[Site "Vancouver CAN"]
[Date "2012.07.04"]
[Round "4"]
[White "Kaneshalingam, Mathanhe"]
[Black "Zhang, Jeannie"]
[Result "1/2-1/2"]
[WhiteElo "1157"]
[BlackElo "1027"]
[PlyCount "69"]
[GameId "2160767909508624"]
[EventDate "2012.07.03"]
[EventType "swiss"]
[EventRounds "7"]
[EventCountry "CAN"]
[SourceTitle "EXT 2022"]
[Source "ChessBase"]
[SourceDate "2021.10.06"]
[SourceVersion "1"]
[SourceVersionDate "2021.10.06"]
[SourceQuality "1"]

1. d4 d5 2. c4 c6 3. Nc3 Nf6 4. Bg5 e6 5. e3 Nbd7 6. Nf3 Be7 7. Be2 dxc4 8. Bxc4 O-O 9. O-O Qc7 10. e4 e5 11. d5 Nb6 12. Bb3 cxd5 13. Bxd5 Nfxd5 14. Nxd5 Nxd5 15. Qxd5 Bxg5 16. Nxg5 Rd8 17. Qb3 h6 18. Nf3 Be6 19. Qa3 f6 20. Rac1 Qb6 21. h3 a5 22. b3 Rd3 23. Kh2 a4 24. Rb1 Ra6 25. Qb2 axb3 26. Nd2 bxa2 27. Qxb6 Rxb6 28. Rxb6 Bxh3 29. gxh3 Rxd2 30. Rxb7 Rxf2+ 31. Rxf2 a1=Q 32. Rg2 g5 33. Rc2 Qa8 34. Rd7 Qa6 35. Rb2 1/2-1/2

[Event "CYCC U10 w"]
[Site "Vancouver CAN"]
[Date "2012.07.04"]
[Round "4"]
[White "Lemieux, Gabrielle"]
[Black "Millar, Sophia"]
[Result "1-0"]
[WhiteElo "579"]
[BlackElo "636"]
[PlyCount "85"]
[GameId "2160767909508625"]
[EventDate "2012.07.03"]
[EventType "swiss"]
[EventRounds "7"]
[EventCountry "CAN"]
[SourceTitle "EXT 2022"]
[Source "ChessBase"]
[SourceDate "2021.10.06"]
[SourceVersion "1"]
[SourceVersionDate "2021.10.06"]
[SourceQuality "1"]

1. e4 e5 2. Nc3 Nc6 3. Nf3 Bc5 4. Bb5 Nf6 5. h4 O-O 6. Bxc6 dxc6 7. Na4 b6 8. Nxe5 Nxe4 9. Nxc6 Qf6 10. f3 Qxh4+ 11. Rxh4 Bf2+ 12. Ke2 Bxh4 13. Nc3 Bf5 14. Nxe4 Rfe8 15. Nd4 Bd7 16. Kf1 Bb5+ 17. Nxb5 c6 18. Nc7 Rac8 19. Nxe8 Rxe8 20. g3 f5 21. Nd6 Rd8 22. Nxf5 Bg5 23. f4 Bf6 24. d4 c5 25. c3 cxd4 26. cxd4 g6 27. Bd2 gxf5 28. d5 Rxd5 29. Qb3 Kf7 30. Qxd5+ Kg7 31. Qxf5 Bxb2 32. Qg5+ Kf7 33. Rb1 Bf6 34. Qh5+ Kg7 35. Qd5 Be7 36. Qd7 Kf7 37. Qxa7 Kf6 38. g4 Bc5 39. g5+ Kf5 40. Qxh7+ Kg4 41. Kg2 b5 42. Rh1 b4 43. Rh4# 1-0

[Event "CYCC U10 w"]
[Site "Vancouver CAN"]
[Date "2012.07.04"]
[Round "4"]
[White "Nguyen, An"]
[Black "Botez, Andrea"]
[Result "1-0"]
[WhiteElo "1235"]
[BlackElo "1034"]
[PlyCount "91"]
[GameId "2160767909508626"]
[EventDate "2012.07.03"]
[EventType "swiss"]
[EventRounds "7"]
[EventCountry "CAN"]

1. e4 d6 2. Nf3 Nf6 3. Nc3 g6 4. d4 Bg7 5. Bd3 O-O 6. O-O Nc6 7. h3 e5 8. dxe5 Nxe5 9. Nxe5 dxe5 10. Bg5 c6 11. Qf3 h6 12. Bh4 Qd6 13. Rad1 Nh7 14. Bc4 Qc7 15. Bg3 b5 16. Bb3 a5 17. a3 Ng5 18. Qe3 Ne6 19. Ne2 b4 20. axb4 axb4 21. Kh1 Qe7 22. f4 exf4 23. Nxf4 Nxf4 24. Bxf4 g5 25. Bd6 Qa7 26. Qxa7 Rxa7 27. Bxf8 Kxf8 28. Rd8+ Ke7 29. Rxc8 f6 30. Rxc6 Rb7 31. Rf5 Ke8 32. Rfc5 Bf8 33. Rc8+ Ke7 34. R5c7+ Rxc7 35. Rxc7+ Kd8 36. Ra7 Ke8 37. Rb7 Be7 38. Kg1 Bc5+ 39. Kf1 Be7 40. Ke2 Kd8 41. c3 bxc3 42. bxc3 Ke8 43. c4 Kd8 44. Ba4 h5 45. Kd3 h4 46. Kd4 1-0

[Event "CYCC U10 w"]
[Site "Vancouver CAN"]
[Date "2012.07.04"]
[Round "4"]
[White "Pulfer, Rachel"]
[Black "Armstrong, Riley"]
[Result "1-0"]
[WhiteElo "791"]
[BlackElo "450"]
[PlyCount "43"]
[GameId "2160767909508628"]
[EventDate "2012.07.03"]
[EventType "swiss"]
[EventRounds "7"]
[EventCountry "CAN"]
[SourceTitle "EXT 2022"]
[Source "ChessBase"]
[SourceDate "2021.10.06"]
[SourceVersion "1"]
[SourceVersionDate "2021.10.06"]
[SourceQuality "1"]

1. e4 Nc6 2. Nf3 e6 3. Nc3 Bb4 4. Bc4 Qe7 5. O-O Nf6 6. a3 Bc5 7. d3 O-O 8. Bg5 Na5 9. e5 Ng4 10. Bxe7 Re8 11. Bxc5 b6 12. Bb4 Nc6 13. Ng5 a5 14. Qxg4 Nxe5 15. Qd4 d6 16. Bb5 Rd8 17. Qh4 axb4 18. Qxh7+ Kf8 19. axb4 Rb8 20. Qh8+ Ke7 21. Qxg7 Ng6 22. Qxf7# 1-0

[Event "CYCC U10 w"]
[Site "Vancouver CAN"]
[Date "2012.07.04"]
[Round "4"]
[White "Seyfi, Agata"]
[Black "Tao, Ellen"]
[Result "0-1"]
[WhiteElo "636"]
[BlackElo "748"]
[PlyCount "75"]
[GameId "2160767909508629"]
[EventDate "2012.07.03"]
[EventType "swiss"]
[EventRounds "7"]
[EventCountry "CAN"]
[SourceTitle "EXT 2022"]
[Source "ChessBase"]
[SourceDate "2021.10.06"]
[SourceVersion "1"]
[SourceVersionDate "2021.10.06"]
[SourceQuality "1"]

1. c4 e5 2. Nf3 e4 3. Ng5 Qxg5 4. d3 Qe7 5. Bf4 d6 6. Nc3 Nf6 7. Bg5 h6 8. Bxf6 Qxf6 9. Nb5 Qd8 10. Qa4 Bd7 11. g4 a6 12. O-O-O Bc6 13. dxe4 Nd7 14. Qa5 axb5 15. Qd2 Bxe4 16. Qe3 Nf6 17. f3 Qe7 18. fxe4 Qxe4 19. Qxe4+ Nxe4 20. Rd4 Nf2 21. Rg1 bxc4 22. Rxc4 Nxg4 23. Rcxg4 d5 24. Rd4 c6 25. e4 Bc5 26. Rg4 Bxd4 27. exd5 Be3+ 28. Kd1 cxd5 29. Bg2 O-O 30. Bxd5 Rfd8 31. Ke2 Rxd5 32. Kxe3 Re8+ 33. Re4 Rxe4+ 34. Kxe4 Rd2 35. Ke3 Rxb2 36. Kd4 Rxa2 37. Kc4 Rxh2 38. Kd4 0-1

[Event "CYCC U10 w"]
[Site "Vancouver CAN"]
[Date "2012.07.04"]
[Round "4"]
[White "Yu, Rinna"]
[Black "Zhou, Lily"]
[Result "0-1"]
[WhiteElo "809"]
[BlackElo "1076"]
[PlyCount "90"]
[GameId "2160767909508630"]
[EventDate "2012.07.03"]
[EventType "swiss"]
[EventRounds "7"]
[EventCountry "CAN"]
[SourceTitle "EXT 2022"]
[Source "ChessBase"]
[SourceDate "2021.10.06"]
[SourceVersion "1"]
[SourceVersionDate "2021.10.06"]
[SourceQuality "1"]

1. e4 c5 2. c4 Nc6 3. f4 g6 4. d3 Bg7 5. Nc3 e6 6. Nf3 Nge7 7. Be2 O-O 8. Bd2 a6 9. Qc1 Nd4 10. h4 h5 11. Rg1 Nec6 12. g3 Nb4 13. Rf1 Nbc2+ 14. Kd1 Nxa1 15. Qxa1 Rb8 16. Nxd4 Bxd4 17. Qc1 b5 18. cxb5 axb5 19. a3 Ba6 20. f5 b4 21. axb4 cxb4 22. Nb1 Qa5 23. Ke1 Rfc8 24. Qd1 Bxb2 25. g4 hxg4 26. Bxg4 Bxd3 27. Rg1 Bc2 28. Qf3 exf5 29. exf5 Re8+ 30. Kf2 Bd4+ 31. Kf1 Bxg1 32. Kxg1 Bxb1 33. f6 Qc5+ 34. Kh2 Qc6 35. Qf4 b3 36. h5 Rbd8 37. h6 Kh7 38. Qg5 b2 39. Bf4 Bd3 40. Bg3 b1=Q 41. Bh4 Qbh1+ 42. Kg3 Qcg2+ 43. Kf4 Qhf1+ 44. Bf2 Qfxf2+ 45. Bf3 Qfxf3# 0-1